000 00602nam a22001697a 4500
003 OSt
005 20241214103929.0
008 241022b |||||||| |||| 00| 0 eng d
040 _c0
082 _aDPer050 M72 January-March 2018 v. 66 no. 8-10
100 _aNoveras, Ferdinand E.
_eauthor.
_963342
245 _aManuel Luis Quezon sa mata ng batang aurora /
_cFerdinand E. Noveras.
260 _aPhilippines;
_bPublishers Association of the Philippines, Inc.,
_cAugust 2018.
300 _aVolume 66, pages 115 ,
_billustration.
700 _aNoveras, Ferdinand E.
_eauthor.
_961566
942 _2ddc
_cPER
999 _c22817
_d22817